Bundesländer nach Bildern - Kachelauswahl - Statistiken

Allgemein
  • Dieses Quiz wurde 78 mal gespielt
  • Das Durchschnittsergebnis liegt bei 24 aus 30
Antwortstatistiken
Frage Kachel Select % Korrekt
Nordrhein-Westfalen Nein
96%
Berlin Ja
96%
Nordrhein-Westfalen Nein
94%
Berlin Ja
94%
Berlin Nein
94%
Berlin Ja
93%
Berlin Nein
93%
Bayern Ja
93%
Nordrhein-Westfalen Ja
91%
Nordrhein-Westfalen Ja
91%
Berlin Nein
90%
Nordrhein-Westfalen Nein
87%
Nordrhein-Westfalen Ja
84%
Schleswig-Holstein Ja
81%
Schleswig-Holstein Ja
81%
Schleswig-Holstein Nein
81%
Schleswig-Holstein Nein
81%
Baden-Württemberg Ja
79%
Baden-Württemberg Nein
78%
Schleswig-Holstein Nein
75%
Baden-Württemberg Nein
75%
Schleswig-Holstein Ja
70%
Baden-Württemberg Nein
69%
Bayern Nein
66%
Baden-Württemberg Ja
64%
Bayern Nein
63%
Bayern Ja
54%
Baden-Württemberg Ja
52%
Bayern Nein
51%
Bayern Ja
45%
Keine übereinstimmenden Quizze gefunden
Verteilung der Resultate
Anzahl Personen mit jedem Resultat
Perzentil nach korrekt beantworteten Fragen
Ihre Resultats-Entwicklung
Sie haben dieses Quiz noch nicht gespielt